000 00813nam a2200265Ia 4500
003 OSt
005 20220930064737.0
006 a|||||r|||| 00| 0
007 ta
008 220926b |||||||| |||| 00| 0 eng d
024 _a4654
037 _cTheses
040 _aCRL
_cCRL
_beng
041 _2eng
_aeng
100 _aHasija R L
_9524900
110 _aUniversity of Delhi. Faculty of Mathematical Sciences. Department of Mathematics
245 0 _aStochastic inventory models
260 _c1969
650 _aMATHEMATICS
700 _a Dr. N K Jaiswal Gu.
_9524901
700 _a Prof R S Varma Gu.
700 _aUniversity of Delhi. Faculty of Mathematical Sciences. Department of Mathematics
942 _cDIS
_2CC
999 _c858619
_d858619